000 00435nam a2200193Ia 4500
008 240510s9999 xx 000 0 und d
020 _a0000750646314
041 _aEng
082 _a658.404
082 _bB25
100 _aBENDER S.A
245 0 _aMANAGING PROJECTS WELL
260 _bBUTTER WORTH HEINEMANN : OXFORD
260 _c1997
300 _a220 p.
650 _aPROJECT MANAGEMENT
942 _2ddc
942 _cRBK
999 _c25907
_d25907
945 _a1
_bMadushi Gamage
_c1
_dMadushi Gamage